Metallica Lyrics – #25: Blackened - Statistics

General Stats
  • This quiz has been taken 39 times
  • The average score is 103 of 161
Answer Stats
Answer % Correct
Blackened
100%
blackened
100%
the
100%
end,
97%
end
97%
in
97%
In
97%
is
97%
a
93%
you
93%
see
90%
See
90%
to
90%
To
90%
into
87%
send
87%
will
87%
all
83%
All
83%
begin
83%
never
83%
Never
83%
Earth,
80%
it
80%
Mother
80%
mother
80%
of
80%
dance
77%
dead
77%
Death
77%
death
77%
Fire,
77%
Fire
77%
obscurity
77%
our
77%
Throwing
77%
winter
77%
color,
73%
Color
73%
whipping
73%
rebirth
70%
world
70%
mend
67%
human
63%
die
60%
Evolution's
60%
Darkest
53%
put
53%
outcome
50%
race
50%
kill
47%
what
47%
been
43%
blistered
43%
Blistering
43%
have
43%
left
43%
life
43%
might
43%
nevermore
43%
seen
43%
true
43%
violation,
43%
before,
40%
breath
40%
breathing
40%
Expectation,
40%
humanity
40%
its
40%
kills
40%
liberation,
40%
mutilation,
40%
nothing
40%
Opposition,
40%
Termination,
40%
cancellation,
37%
chill,
37%
compromise
37%
contradiction,
37%
Deadly
37%
nicotine
37%
planet
37%
said
37%
worth
37%
and
33%
away
33%
Callous
33%
dies
33%
done
33%
frigid
33%
lay
33%
sun
33%
take
33%
Agitation,
30%
decay,
30%
exit
30%
Millions
30%
minutes
30%
population
30%
potency
30%
premonition
30%
terminate
30%
waste
30%
hypocrisy
27%
remains
27%
Smoldering
27%
Darkening
23%
decadence
23%
disappears
23%
vain,
23%
years
23%
expiration,
20%
her
13%
No matching quizzes found
Score Distribution
Percent of People with Each Score
Percentile by Number Answered
Your Score History
You have not taken this quiz